Представление документа в формате RUSMARC

ПолеНазваниеЗначение
  Тип записи i
  Библиографический уровень m
001 Контрольный номер RU/ГПНТБ России/KNIGADB/84(2Рос=Рус)6/Ж 41-033942914
005 Дата корректировки 20240410121214.3
010 Индекс ISBN __
a ISBN 978-5-9677-2832-7
b Уточнения в кор.
d Цена 227-00
100 Данные общей обработки __
a Данные общей обработки 20201229d2018####cd y0rusy028902 ca
101 Язык документа 0_
a Язык текста rus
102 Страна публикации __
a Страна публикации RU
105 Кодированные данные (монография) __
a Кодированные данные (монография) y z 000ay
106 Кодированные данные (форма документа) __
a Кодированные данные для формы документа (Обозначение носителя) s
125 Кодированные данные звукозаписи и нотных изданий __
b Определитель литературного текста c
126 Кодированные данные (звукозаписи-физические характеристики) __
a Кодированные данные звукозаписи (общие) agbхhхх cd
b Кодированные данные звукозаписи (уточнения) xxx
127 Кодированные данные (звукозаписи-физические характеристики) __
a Продолжительность проигрывания 0415##
135 Кодированные данные (электронные ресурсы) __
a Кодированные данные (электронные ресурсы) aongannnauuuu
139 Кодированные данные (электронные ресурсы) __
a Кодированные данные (электронные ресурсы) сaz
181 Поле кодированных данных: вид содержания _0
a Код вида содержания (ISBD) h
182 Поле кодированных данных: тип средства _0
a Код типа средства (ISBD) a
200 Заглавие и сведения об ответственности 1_
a Заглавие Типа смотри короче
e Сведения, относящиеся к заглавию [аудиокнига]
f Первые сведения об ответственности Андрей Жвалевский, Евгения Пастернак
g Последующие сведения об ответственности читает Наталья Истарова
g Последующие сведения об ответственности звукорежиссер и автор музыки Джизаир Умеров ; продюсер Константин Барышев
203 Вид содержания и тип средства __
a Вид содержания Устная речь
c Тип средства аудио
210 Выходные данные 1_
a Место издания Москва
c Издательство 1С-Паблишинг
d Дата издания 2018
215 Физическое описание __
a Объем 1 электрон. опт. диск (CD-ROM) (4 ч. 15 мин.)
d Формат 12 см
c Иллюстрации/тип воспроизводства зв.
225 Серия 2_
a Серия 1С: Аудиокниги
300 Общие примечания __
a Общие примечания Заглавие с этикетки диска
300 Общие примечания __
a Общие примечания Данные в формате MP3
330 Аннотация __
a Аннотация Андрей Валентинович Жвалевский и Евгения Борисовна Пастернак - одни из самых популярных и любимых современных писателей для подростков, лауреаты различных литературных премий. Послушайте их небольшие зарисовки из жизни 7 "А" класса, в которых на первый план выступают не столько сами события, сколько то, что в связи с ними чувствуют ребята, как они воспринимают ту или иную ситуацию. Взаимоотношения в коллективе, дружба, первая любовь, поведение взрослых - все это есть в книге, и она ценна тем, что помогает читателю и слушателю понять, как школьники проходят через определенные этапы взросления. Это не только оказывает поддержку детям, но и дает им возможность взглянуть на себя со стороны. И - никаких нравоучений! Все очень живо, с юмором, а местами с долей иронии. Родители же смогут задуматься о том, как важно доверять своим детям, считаться с их мнением, и, возможно, заново откроют для себя сложный мир подростка - человека на пути из детства во взрослую жизнь. Так что, типа смотри… короче, слушай…
333 Примечание о целевом назначении __
a Примечание о целевом назначении 6+. Для детей старше шести лет
337 Примечание о системных требованиях (электронные ресурсы) __
a Примечание о системных требованиях (электронные ресурсы) Системные требования: персональный компьютер ; MS Windows 95/98/2000/XP/Vista/7/8/10 ; Pentium 100 ; ОЗУ 16 Мб ; монитор SVGA, 800x600 ; устройство чтения CD/DVD-ROM ; звуковая карта ; колонки или наушники ; мышь ; аудиосистемы с поддержкой формата MP3
606 Тематические рубрики __
a Основная рубрика Художественная литература
606 Тематические рубрики __
a Основная рубрика Современная русская литература (произведения)
610 Ключевые слова 0_
a Ключевые слова детская литература
610 Ключевые слова 0_
a Ключевые слова рассказы
610 Ключевые слова 0_
a Ключевые слова тема детства
610 Ключевые слова 0_
a Ключевые слова тема школы
610 Ключевые слова 0_
a Ключевые слова тема подростков
610 Ключевые слова 0_
a Ключевые слова тема первой любви
610 Ключевые слова 0_
a Ключевые слова тема школьной жизни
610 Ключевые слова 0_
a Ключевые слова тема любви
610 Ключевые слова 0_
a Ключевые слова подростковая литература
686 Индексы других классификаций __
2 Код системы rubbks
a Классификационный индекс 84(2=411.2)6-4я04; ст84(2=411.2)6-4я0
700 Автор _1
a Фамилия Жвалевский
b Имя А. В.
g Полное личное имя Андрей Валентинович
f Даты 1967-
4 Код отношения 070
701 Альтернативная интеллектуальная ответственность _1
a Фамилия Пастернак
b Имя Е. Б.
g Полное личное имя Евгения Борисовна
f Даты 1972-
4 Код отношения 070
702 Вторичная интеллектуальная ответственность _1
a Фамилия Истарова
b Имя Н.
g Полное личное имя Наталья
4 Код отношения 590
702 Вторичная интеллектуальная ответственность _1
a Фамилия Умеров
b Имя Д.
g Полное личное имя Джизаир
4 Код отношения 570
4 Код отношения 230
702 Вторичная интеллектуальная ответственность _1
a Фамилия Барышев
b Имя К.
g Полное личное имя Константин
4 Код отношения 665
801 Источник записи _0
b Организация ГПНТБ России
a Страна RU
c Дата составления 20201229
g Правила каталогизации PSBO
801 Источник записи _1
b Организация ГПНТБ России
a Страна RU
c Дата составления 20201229
g Правила каталогизации PSBO
852 Данные о местонахождении __
i Авторский знак Ж 41
j Шифр хранения 84(2=411.2)6-4я04
900 Макрообъекты __
a Макрообъекты Типа смотри короче, 2018 г (эл.ресурс)
901 Тип документа __
a Ответственный КиК/Мамарузиева
t Тип документа 0
903 Характеристики (МАРС) __
a Дата передачи 20210203
c Наименование библиотеки (МАРС) Муниципальное бюджетное учреждение культуры "Централизованная библиотечная система" г. Сургут (Центральная городская библиотека им. А. С. Пушкина)
969 Тип издания __
a Тип издания издание для детей
a Тип издания издание для слепых
a Тип издания аудиокнига
990 Данные о заказе (DOS) __
j Количество экземпляров (DOS) 3
t N записи в КСУ для И/У (DOS) 202102